| 000 | 00490nam a2200193Ia 4500 | ||
|---|---|---|---|
| 005 | 20140424111057.0 | ||
| 008 | 140130s9999 xx 000 0 und d | ||
| 020 | _a0439424925 | ||
| 050 |
_aPZ 7 _b.P2843Dang 1995 |
||
| 100 |
_aPaulsen, Gary _95626 |
||
| 245 |
_cGary Paulsen. _aDanger on midnight river / |
||
| 260 |
_bScholastic, _c1995. _aUSA : |
||
| 300 |
_a65 p. : _bill. ; _c20 cm. |
||
| 440 |
_v1 _931016 |
||
| 521 | _aG4 | ||
| 526 | _c600 | ||
| 942 |
_cBK _2lcc |
||
| 999 |
_c40745 _d40745 |
||